| 000 | 00473nam a22001697a 4500 | ||
|---|---|---|---|
| 999 |
_c3879 _d3879 |
||
| 008 | 200706b ||||| |||| 00| 0 eng d | ||
| 082 | 0 | 0 |
_a627.2 _bC818 |
| 100 |
_93198 _aCornick, Henry F. |
||
| 245 | 1 | 0 |
_aDock and harbour engineering, Vol - I _cby Henry F. Cornick |
| 250 | _a3rd ed. | ||
| 260 |
_aLondon _bGriffin _c1958 |
||
| 300 | _axvi,316 p. | ||
| 365 | _d84.00 | ||
| 505 | 0 | _aVol - I - The design of docks | |
| 650 | 0 | _aHarbors Design and Construction | |
| 942 | _cBK | ||